| 000 | 00724nam a2200229Ia 4500 | ||
|---|---|---|---|
| 005 | 20220204114053.0 | ||
| 008 | 210716s2019 xx 000 0 und d | ||
| 020 | _a9789352807154 | ||
| 040 | _cAIMIT LIBRARY | ||
| 041 | _aeng | ||
| 082 |
_a658.4 _21 _bMANM |
||
| 100 |
_aManimala, Mathew J. _916674 |
||
| 245 |
_aCases in organizational behaviour: _bperspectives from the new-gen workplace / |
||
| 250 | _a1st | ||
| 260 |
_aNew Delhi : _bSage Publications , _c2019 . |
||
| 300 |
_axx,466,I-15p. ; _c24cm. |
||
| 650 |
_aAbstracts cases and questions _916675 |
||
| 650 |
_aConflict and collaboration _916676 |
||
| 700 |
_aVijaya, V. _916677 |
||
| 700 |
_aChakravarti, Ajit. _916678 |
||
| 942 |
_2ddc _cBK _e1st _k658.4 MANM |
||
| 999 |
_c211243 _d211243 |
||